LEADER 01105nam a2200289 i 4500 001 991000842989707536 005 20020507174350.0 008 981119s1973 de ||| | ger 020 $a3540063617 035 $ab10765025-39ule_inst 035 $aLE01303172$9ExL 040 $aDip.to Matematica$beng 082 0 $a516.35 084 $aAMS 14-01 100 1 $aWaerden, Bartel Leenert van der$0440621 245 10$aEinfuhrung in die algebraische Geometrie /$cB. L. van der Waerden 250 $a2te aufl 260 $aBerlin :$bSpringer-Verlag,$c1973 300 $axi, 280 p. ;$c24 cm. 490 0 $aGrundlehren der mathematischen Wissenschaften = A series of comprehensive studies in mathematics,$x0072-7830 ;$v51 650 0$aAlgebraic geometry-textbooks 907 $a.b10765025$b23-02-17$c28-06-02 912 $a991000842989707536 945 $aLE013 14-XX WAE11 (1973)$g1$i2013000109190$lle013$o-$pE0.00$q-$rl$s- $t0$u0$v0$w0$x0$y.i10860599$z28-06-02 996 $aEinfuhrung in die algebraische Geometrie$9923399 997 $aUNISALENTO 998 $ale013$b01-01-98$cm$da $e-$fger$gde $h0$i1 LEADER 01094nam a22002651i 4500 001 991000306529707536 005 20030226175024.0 008 040204s1979 it a||||||||||||||||ita 035 $ab12597697-39ule_inst 035 $aARCHE-060490$9ExL 040 $aDip. SSC$bita$cA.t.i. Arché s.c.r.l. Pandora Sicilia s.r.l. 082 04$a457 100 1 $aGrassi, Corrado$0164786 245 10$aTeoria del dialetto :$bdialetto e spazio, dialetto e tempo : corso di dialettologia italiana : anno accademico 1978-1979 /$cCorrado Grassi, Tullio Telmon 260 $aTorino :$bG. Giappichelli,$c1979 300 $aXII, 112 p. :$btav. ;$c24 cm 440 0$aCorsi universitari 650 4$aDialetti italiani 700 1 $aTelmon, Tullio$eauthor$4http://id.loc.gov/vocabulary/relators/aut$0174005 907 $a.b12597697$b02-04-14$c12-02-04 912 $a991000306529707536 945 $aLE021 DI3C47$g1$i2021000182792$lle021$o-$pE0.00$q-$rl$s- $t0$u0$v0$w0$x0$y.i13077934$z12-02-04 996 $aTeoria del dialetto$9518962 997 $aUNISALENTO 998 $ale021$b12-02-04$cm$da $e-$fita$git $h0$i1